Легендите водят до открития (Запис номер 170268)
[ съкратено ]
| 000 -Лидер | |
|---|---|
| Контролно поле с фиксирана дължина | 01603nam a2200337 a 4500 |
| 003 - Код на организацията, давaща контролен номер | |
| Контролно поле | BLK |
| 005 - Дата и час на последна редакция | |
| Контролно поле | 20241219112730.0 |
| 008 - Елементи от данни с фиксирана дължина | |
| fixed length control field | 180411b bul|||||r ||||||| ||bul|| |
| 010 ## - Наследен системен номер | |
| LC control number | KNG00178399000 |
| 040 ## - Източник на каталожния запис | |
| Идентификатор на билиотеката - собственик на записа | BLK |
| 041 ## - Код за език | |
| Код за езика на текст/звукозапис или на отделно заглавие | Български |
| Код за езика КДБФ | Български |
| 080 ## - УДК | |
| Текстов определител УДК | Общи въпроси на географията. Географията като наука. Географски изследвания на страните, пътешествия |
| УДК код - определител по УДК | 910 |
| УДК - код + определител | 910 |
| 100 1# - Редна дума - Автор | |
| Автор | Малов, Владимир Игоревич |
| Авторска отговорност | първи автор |
| R(LIN) | 338506 |
| 139 ## - Редно поле | |
| Редна дума | Малов, Владимир Игоревич |
| Авторски знак | Малк - М 23 |
| 245 10 - Сведения за заглавието | |
| Заглавие | Легендите водят до открития |
| Подзаглавни данни | Научнопопул. четиво за геогр. открития: За юноши |
| Редно поле (дума) | Владимир Игоревич Малов; прев. от рус. Росица Великова. |
| 257 ## - Страна на издаване | |
| Страна на създаване/издаване | СССР |
| 260 ## - Област на издателските данни | |
| Име на издателя, разпространителя и проч. | Нар. просв. |
| Година на издаване | 1985 |
| Печатница | Ямбол : Г. Димитров |
| Място на издаване, разпространение и проч. | София |
| 300 ## - Физическа характеристика | |
| Страници | 159с. |
| Илюстрации и др. | с ил., к. |
| Размери/Мащаб | 20 см |
| 380 ## - Жанр | |
| Жанр | География |
| 500 ## - Общи забележки | |
| Забележка | Ориг. загл. Легенды ведут к открытиям. - 18 707 тир. |
| 650 #7 - Допълнително описание по предмет – тема | |
| Основно описание – тема или топоним | Географски пътешествия и открития |
| Източник на редна или ключова дума | |
| 9 (RLIN) | 151890 |
| 653 ## - Ключова дума – ненормативна | |
| Ключова дума | географски открития |
| 700 1# - Други автори (авторска отговорност) | |
| Лично име | Великова, Росица |
| Автороска отговорност (Описва отношението между автора и произведението) | прев. от рус. |
| 9 (RLIN) | 378411 |
| 852 ## - Местоположение | |
| Форматна сигнатура | Цб 136250 |
| 856 4# - Електронен адрес и достъп | |
| Електронен формат | pdf - файл |
| 856 4# - Електронен адрес и достъп | |
| Електронен формат | pdf - файл |
| 999 ## - СИСТЕМНИ КОНТРОЛНИ НОМЕРА | |
| Koha biblionumber | 170268 |
| Koha biblioitemnumber | 170268 |
| 942 ## - АРТИКУЛИ | |
| Вид на библиотечния материал | Книги |
| Скрит в OPAC | Не |
| Периодичен библиозапис | Да |
| 944 ## - СЪЗДАВАНЕ И РЕДАКЦИЯ на ЗАПИСА | |
| Създаване/Редакция | Създаване |
| Дата на регистрацията/редакция | 17.07.2015 |
| Служител, извършил регистрацията/редакцията | 30560 |
| Статус, дата на статуса | Геновева Генчева |
| 944 ## - СЪЗДАВАНЕ И РЕДАКЦИЯ на ЗАПИСА | |
| Създаване/Редакция | Редакция |
| Дата на регистрацията/редакция | 17.07.2015 |
| Служител, извършил регистрацията/редакцията | Кина_Георгиева |
| 999 ## - СИСТЕМНИ КОНТРОЛНИ НОМЕРА | |
| Koha biblioitemnumber | 170268 |
| Код за отписване | Код за изгубен артикул | Източник на класификационната схема | Код за повреда | Коз за рестрикции | Код за отдаване | Артикулен № | Име на библиотеката - собственик | Име на библиотеката, в която се намира в момента | Статус (Текущо местоположение) | Дата на вписване в системата | Местоположение - отдел | Цена в лева | Инвентарен номер | Систематично азбучна сигнатура | Баркод | Номер на екземпляра | Цена в евро | Служебна бележка | Служебен тип на артикула |
|---|---|---|---|---|---|---|---|---|---|---|---|---|---|---|---|---|---|---|---|
| Не е изгубен | Universal Decimal Classification | Не е повреден | без рестрикции | ползва се в читалня | 288328 | Регионална библиотека "Любен Каравелов" Русе | Регионална библиотека "Любен Каравелов" Русе | Хранилище | 1985-01-01 | Хранилище | 1.00 | 432786 | Цб 136250 | 120000432786 | 1 | 0.51 | N: стар фонд Дата: 01.01.1985 | Книги | |
| Изтеглен | Не е изгубен | Universal Decimal Classification | Не е повреден | без рестрикции | заемане за дома | 288329 | Регионална библиотека "Любен Каравелов" Русе | Регионална библиотека "Любен Каравелов" Русе | Заемна - подръчен фонд | 1985-01-01 | Заемна - подръчен фонд | 1.00 | 433791 | П 910/М 23 | 433791 | 2 | 0.51 | N: стар фонд Дата: 01.01.1985 | Книги |
| Изтеглен | Не е изгубен | Universal Decimal Classification | Не е повреден | без рестрикции | заемане за дома | 288330 | Регионална библиотека "Любен Каравелов" Русе | Регионална библиотека "Любен Каравелов" Русе | Детски отдел | 1985-01-01 | Детски отдел | 1.00 | 624823 | ДН 91/М 23 | 624823 | 3 | 0.51 | N: стар фонд Дата: 01.01.1985 Дата инв: 05.10.2015 Бележки инв: Д2015 | Книги |